000 00268nam a2200109Ia 4500
001 1265867
005 20260417142035.0
008 260417s9999 xx 000 0 und d
020 _a9789752894235
245 0 _aÖnce Ekmek
_cOrhan Kemal
260 _bEverest Yayınları
999 _c1265867
_d1265867